000
00318nam a2200121Ia 4500
005
20251223131553.0
008
251219s9999 xx 000 0 und d
041
_a
eng
100
_a
Padamsee A
_9
216013
245
_a
Let me hijack your mind
260
_b
Penguin random house /India
_c
2022
300
_a
229
_b
Hard Bound
999
_c
369548
_d
369548